Kviz općeg znanja #3 - Statistics

General Stats
  • This quiz has been taken 186 times
  • The average score is 3 of 15
Answer Stats
Hint Answer % Correct
koga je Dante svrstao u deveti krug pakla izdajnike
51%
jedini gmizavac koji ima 2 komore i 2 pretkomore srca krokodil
38%
psiholog poznat po eksperimentima sa psima i zvonom Ivan Pavlov
33%
broj blokova u periodnom sistemu elemenata 4
31%
godina potpisivanja Milanskog edikta 313. godina
29%
u prevodu sa latinskog, riječ digitos znači... prst
26%
glumac koji je utjelovio televizijskog doktora Housea Hugh Laurie
19%
treća knjiga Starog Zavjeta Levitski zakonik
13%
autor knjige "Matematički principi filozofije prirode" Isaac Newton
12%
kompozitor "Gudačkog kvarteta" koji je himna Njemačke Joseph Haydn
12%
najprestižnija nagrada za matematiku Abelova nagrada
8%
rimski senator poznat po izreci "Mislim da Kartagu treba razoriti." Katon
4%
osoba koja je s Bill Gatesom osnovala firmu Microsoft Paul Allen
3%
crna rupa naše galaksije Sagittarius A
2%
tehnika miješanja zlata i slonovače u kiparstvu hristelofantinska
1%
No matching quizzes found
Score Distribution
Percent of People with Each Score
Percentile by Number Answered
Your Score History
You have not taken this quiz